|
|
|
|
| LEADER |
00917nam a2200205 a 4500 |
| 003 |
GR-PaULI |
| 005 |
20240410111959.0 |
| 008 |
881025s1980 gr f gre d |
| 952 |
|
|
|0 0
|1 0
|2 ddc
|4 0
|6 330_015000000000000_195_ΚΙΝ
|7 0
|9 235431
|a LISA
|b LISA
|c BSC
|d 2019-09-24
|i 14347
|l 0
|o 330.015 195 ΚΙΝ
|p 025000263141
|r 2019-09-24 00:00:00
|t 1
|w 2019-09-24
|y BK15
|
| 999 |
|
|
|c 142625
|d 142625
|
| 040 |
|
|
|a GR-PaULI
|b gre
|c GR-PaULI
|d GR-AiPI
|e AACR2
|
| 082 |
0 |
4 |
|a 330.015 195
|2 23
|
| 100 |
1 |
|
|a Κιντής, Ανδρέας Α.,
|d 1935-2019
|e συγγραφέας.
|9 10519
|
| 245 |
1 |
0 |
|a Εφαρμογές οικονομετρίας /
|c Ανδρέα Α. Κιντή.
|
| 260 |
|
|
|a Αθήνα :
|b Σμπίλιας,
|c 1980.
|
| 300 |
|
|
|a 249 σ. :
|b πίν., σχήμ. ;
|c 24 εκ.
|
| 650 |
|
4 |
|a Οικονομετρία
|9 1565
|
| 650 |
|
4 |
|a Οικονομία
|x Στατιστική
|9 3244
|
| 942 |
|
|
|2 ddc
|c BK15
|
| 998 |
|
|
|c ΛΟΥΚΟΠΟΥΛΟΥ
|d 2019-09
|